000 00507nam a2200205Ia 4500
003 OSt
005 20140311163110.0
008 140130s9999 xx 000 0 und d
020 _a0590030310
050 _aPZ 7
_b.K2253 1962
100 _aKeats, Ezra Jack
_922874
245 _aThe snowy day /
_cKeats, Ezra Jack.
260 _bScholastic,
_c1962.
_aNew York :
300 _bcol. ill. ;
_c18 cm.
440 _v1
_930863
521 _aG3
526 _c500
942 _cBK-SCHOLAS
_2lcc
999 _c40555
_d40555